000 00294nam a2200133Ia 4500
008 221030s9999 xx 000 0 und d
041 _aEnglish
082 _a105.23
100 _aD. I. Hawkins
245 0 _aConsumer Behaviour
_cby D. I. Hawkins
260 _c0
650 _aMb
942 _cBK
999 _c11093
_d11093